00465nam a2200109Ia 4500008004100000082001600041100002100057245005500078260001300133952019200146999001700338240321s9999 xx 000 0 und d a791.43bBAR aBarbas, Samantha 0aMovie crazy: fans stars, and the cult of celebrity bPalgrave 0010406791_430000000000000_BAR70960834aRWPbRWPcBKd2024-03-21eReadings Books For Allg2100.00l0o791.43 BARpRP004029r2024-03-21 00:00:00w2024-03-21yBKeReadings Books For All c60823d60823